000 00379nam a2200157Ia 4500
003 Ost
005 20260225132550.0
008 260225s9999||||xx |||||||||||||| ||und||
040 _cfsic
041 _afre
082 _a440
100 _aRobert J.Berg
_eAuteur
245 0 _aStratégies pour un nouveau développement en Afrique /
245 0 _cRobert J.Berg
942 _cكتاب
999 _c34072
_d34072